000 00303nam a22001217a 4500
020 _a020612437
082 _222
_a005.4469
100 _aNutt, Gary J.
245 _aKernel project for Linux /
260 _aLondon,
_bAddison Wesley,
_cc2001.
300 _axvi, 239p. ;
_bill. ;
_c23 cm.
_eCD
942 _2ddc
_cIT
999 _c2276
_d2276